[Event "GER-chT Federal Cup (Women)"]
[Site "Braunfels"]
[Date "2013.05.30"]
[Round "1.5"]
[White "Weinmann, Helene"]
[Black "Klinge, Alexandra"]
[Result "1-0"]
[WhiteElo "1681"]
[BlackElo "1568"]
[PlyCount "99"]
[EventDate "2013.05.30"]
[EventType "team-swiss"]
[EventRounds "5"]
[EventCountry "GER"]
[SourceTitle "EXT 2014"]
[Source "ChessBase"]
[SourceDate "2013.11.20"]
[SourceVersion "1"]
[SourceVersionDate "2013.11.20"]
[SourceQuality "1"]
[WhiteTeam "Saarland (W)"]
[BlackTeam "Mecklenburg Vorpommern (W)"]
[WhiteTeamCountry "GER"]
[BlackTeamCountry "GER"]

1. d4 Nf6 2. Nf3 e6 3. Bf4 d5 4. e3 Be7 5. Bd3 Nbd7 6. Nbd2 0-0 7. c3 c5 8. Rc1 b6 9. e4 dxe4 10. Nxe4 Bb7 11. Nxf6+ Nxf6 12. dxc5 Bxc5 13. 0-0 Qc8 14. Qe2 Qc6 15. Bb5 Qe4 16. Qxe4 Bxe4 17. Ng5 Bb7 18. Rcd1 Nh5 19. Be3 Bxe3 20. fxe3 Nf6 21. Be2 Rad8 22. Bf3 Bxf3 23. Nxf3 Ng4 24. Rde1 Rd3 25. e4 h6 26. h3 Ne3 27. Rf2 Nc4 28. b3 Nd6 29. c4 Nb7 30. Ne5 Rd6 31. Ree2 f6 32. Nf3 e5 33. Rd2 Rfd8 34. Rd5 Kf7 35. Rfd2 Ke6 36. Nh4 g5 37. Nf5 R6d7 38. Nxh6 Nc5 39. Re2 Na6 40. a3 Nc7 41. Rxd7 Rxd7 42. Nf5 Na6 43. Re3 Nc5 44. Kf2 Rd8 45. Kf3 Rh8 46. b4 Nd7 47. Rd3 Rd8 48. Rd6+ Kf7 49. Rd5 Ke6 50. c5 1-0

[Event "Rostock SSC 07 op 11th"]
[Site "Rostock"]
[Date "2012.08.04"]
[Round "6"]
[White "Szortyka, Krzysztof"]
[Black "Klinge, Alexandra"]
[Result "1/2-1/2"]
[WhiteElo "1721"]
[BlackElo "1267"]
[PlyCount "136"]
[EventDate "2012.08.01"]
[EventType "swiss"]
[EventRounds "7"]
[EventCountry "GER"]
[SourceTitle "EXT 2017"]
[Source "ChessBase"]
[SourceDate "2016.10.25"]
[SourceVersion "1"]
[SourceVersionDate "2016.10.25"]
[SourceQuality "1"]

1. e4 c5 2. Nf3 Nc6 3. c3 Nf6 4. e5 Nd5 5. d4 cxd4 6. cxd4 g6 7. Nc3 Nb6 8. Be2 Bg7 9. 0-0 0-0 10. Ng5 d6 11. f4 dxe5 12. dxe5 Qd4+ 13. Kh1 Qxd1 14. Bxd1 Bf5 15. Be3 Nc4 16. Bc1 Rfd8 17. Bb3 N6a5 18. Ba4 a6 19. b4 Nc6 20. a3 b5 21. Bd1 Rd7 22. Bf3 Rc8 23. g4 Bc2 24. Bd5 Nd8 25. Ra2 Bb3 26. Raf2 e6 27. Bg2 Nxa3 28. Nce4 Nc4 29. Nc5 Ra7 30. Nxb3 Bf8 31. Nd2 Ne3 32. Re1 Nxg4 33. Rfe2 Bxb4 34. Rd1 Bc5 35. Nde4 Bb6 36. h3 Nh6 37. Nf6+ Kg7 38. Be3 Bxe3 39. Rxe3 Nf5 40. Red3 h6 41. Nge4 Nc6 42. Nf2 Nb4 43. Rd8 Rxd8 44. Rxd8 Ne7 45. N2e4 Nbc6 46. Rd1 g5 47. fxg5 hxg5 48. Nxg5 Nxe5 49. Nfe4 Kg6 50. Nf3 Nc4 51. Bf1 Ne3 52. Ra1 Nxf1 53. Rxf1 Nf5 54. Ne5+ Kh5 55. Kh2 Rc7 56. Rf2 b4 57. Nd3 b3 58. Nec5 Nd4 59. Nxa6 Rc2 60. Rxc2 bxc2 61. Nab4 f6 62. Kg3 e5 63. Nd5 Ne2+ 64. Kf3 c1Q 65. Nxc1 Nxc1 66. Nxf6+ Kg5 67. Ne4+ Kh4 68. Kg2 Ne2 1/2-1/2

[Event "GER-ch U14 Girls"]
[Site "Oberhof"]
[Date "2012.06.01"]
[Round "8"]
[White "Klinge, Alexandra"]
[Black "Morio, Estelle"]
[Result "1/2-1/2"]
[WhiteElo "1303"]
[BlackElo "1355"]
[PlyCount "56"]
[EventDate "2012.05.27"]
[EventType "swiss"]
[EventRounds "9"]
[EventCountry "GER"]
[SourceTitle "CBM 148 Extra"]
[Source "ChessBase"]
[SourceDate "2012.06.22"]
[SourceVersion "1"]
[SourceVersionDate "2012.06.22"]
[SourceQuality "1"]

1. e4 e5 2. Nf3 Nc6 3. d4 exd4 4. Nxd4 g6 5. Be3 Bg7 6. Be2 Nf6 7. Nc3 0-0 8. 0-0 Re8 9. f3 d5 10. Nxc6 bxc6 11. Qd3 Qd6 12. Rad1 Rb8 13. b3 Bd7 14. Bf2 Rbd8 15. Rfe1 Bc8 16. Bf1 dxe4 17. Nxe4 Nxe4 18. Rxe4 Rxe4 19. fxe4 Bg4 20. Re1 Qe7 21. Qg3 Be6 22. Qf4 Qd7 23. Kh1 a5 24. Bg3 Rc8 25. Ba6 Ra8 26. Bf1 Ra7 27. Bf2 Ra6 28. Bg3 Ra7 1/2-1/2

[Event "GER-ch U14 Girls"]
[Site "Oberhof"]
[Date "2012.05.29"]
[Round "5"]
[White "Reyher, Susan"]
[Black "Klinge, Alexandra"]
[Result "0-1"]
[WhiteElo "1413"]
[BlackElo "1303"]
[PlyCount "124"]
[EventDate "2012.05.27"]
[EventType "swiss"]
[EventRounds "9"]
[EventCountry "GER"]
[SourceTitle "CBM 148 Extra"]
[Source "ChessBase"]
[SourceDate "2012.06.22"]
[SourceVersion "1"]
[SourceVersionDate "2012.06.22"]
[SourceQuality "1"]

1. e4 c5 2. Nf3 Nc6 3. d4 cxd4 4. Nxd4 g6 5. c4 Bg7 6. Be3 e6 7. Nc3 a6 8. Be2 Nge7 9. 0-0 0-0 10. Qd2 Qa5 11. a3 Qc7 12. b4 Rd8 13. f4 d6 14. b5 Na5 15. b6 Qd7 16. Rab1 f5 17. Nf3 Qc6 18. c5 fxe4 19. Nd4 Qd7 20. Nxe4 e5 21. Nf3 Nac6 22. Qxd6 Qxd6 23. cxd6 Nf5 24. Bc5 exf4 25. Bc4+ Kh8 26. Nfg5 Ne5 27. Ne6 Bxe6 28. Bxe6 Nd3 29. d7 Nxc5 30. Nxc5 Bd4+ 31. Kh1 Bxc5 32. Rfc1 Be7 33. Rc8 Nd4 34. Bd5 Raxc8 35. dxc8Q Rxc8 36. Bxb7 Rb8 37. Bxa6 Bxa3 38. b7 Nc6 39. Rb3 Na5 40. Rxa3 Nxb7 41. Bxb7 Rxb7 42. h3 Kg7 43. Rf3 g5 44. Kh2 Kf6 45. Rc3 Rb2 46. Rf3 Kf5 47. Rf1 h5 48. Kg1 g4 49. h4 g3 50. Rf3 Kg4 51. Rf1 Rb4 52. Kh1 Kxh4 53. Kg1 Kg4 54. Rf3 h4 55. Rf1 h3 56. Kh1 Rb2 57. Kg1 Rxg2+ 58. Kh1 Rf2 59. Re1 h2 60. Rd1 Kh3 61. Rg1 Rf1 62. Rxf1 g2# 0-1

[Event "GER-ch U14 Girls"]
[Site "Oberhof"]
[Date "2012.05.28"]
[Round "4"]
[White "Klinge, Alexandra"]
[Black "Eltze, Marlen"]
[Result "1/2-1/2"]
[WhiteElo "1303"]
[BlackElo "1183"]
[PlyCount "111"]
[EventDate "2012.05.27"]
[EventType "swiss"]
[EventRounds "9"]
[EventCountry "GER"]
[SourceTitle "CBM 148 Extra"]
[Source "ChessBase"]
[SourceDate "2012.06.22"]
[SourceVersion "1"]
[SourceVersionDate "2012.06.22"]
[SourceQuality "1"]

1. e4 e5 2. Nf3 Nc6 3. d4 d6 4. Nc3 Nf6 5. Be2 b6 6. 0-0 Bb7 7. d5 Ne7 8. Bb5+ c6 9. dxc6 Bxc6 10. Bxc6+ Nxc6 11. Nd5 Be7 12. Qd3 0-0 13. Rd1 Rc8 14. c3 Ng4 15. h3 Nf6 16. Nxf6+ Bxf6 17. Qxd6 Qxd6 18. Rxd6 Rfd8 19. Rxd8+ Rxd8 20. Be3 b5 21. Bc5 a5 22. Kf1 h5 23. Ke2 g5 24. Rd1 Rxd1 25. Kxd1 Kg7 26. Kd2 Kg6 27. Kd3 Bd8 28. c4 b4 29. Bd6 f6 30. c5 Kf7 31. Kc4 Ke6 32. Kb5 Kd7 33. b3 Na7+ 34. Kc4 Kc6 35. h4 Nc8 36. Bf8 g4 37. Nd2 Ne7 38. Bg7 Ng6 39. g3 Be7 40. f3 gxf3 41. Nxf3 Bxc5 42. Bxf6 Bd6 43. Bd8 Bc5 44. Bxa5 Bf2 45. Bxb4 Bxg3 46. a4 Nxh4 47. Nxh4 Bxh4 48. Bc5 Be1 49. b4 h4 50. b5+ Kb7 51. Kd5 h3 52. Bg1 Bg3 53. a5 h2 54. Bxh2 Bxh2 55. Kd6 Bf4 56. Kd5 1/2-1/2

[Event "GER-chT Lands U21"]
[Site "Xanten"]
[Date "2011.11.01"]
[Round "3.7"]
[White "Klinge, Alexandra"]
[Black "Wiesner, Paula"]
[Result "0-1"]
[WhiteElo "1337"]
[BlackElo "1612"]
[PlyCount "90"]
[EventDate "2011.10.31"]
[EventType "team-swiss"]
[EventRounds "7"]
[EventCountry "GER"]
[SourceTitle "EXT 2022"]
[Source "ChessBase"]
[SourceDate "2021.10.06"]
[SourceVersion "1"]
[SourceVersionDate "2021.10.06"]
[SourceQuality "1"]
[WhiteTeam "Mecklenburg-Vorpommern U21"]
[BlackTeam "Baden U21"]
[WhiteTeamCountry "GER"]
[BlackTeamCountry "GER"]

1. e4 c5 2. Nf3 Nc6 3. Bb5 g6 4. Bxc6 bxc6 5. d3 Bg7 6. Nc3 Nf6 7. 0-0 0-0 8. Be3 d6 9. h3 Nd7 10. Rb1 Bb7 11. Re1 e5 12. Ne2 Qc7 13. Ng3 d5 14. h4 f5 15. Bd2 f4 16. Nf1 Rae8 17. N1h2 Bc8 18. b3 Nb6 19. c4 d4 20. Bc1 Bf6 21. Ba3 Nd7 22. Ng4 Qd8 23. g3 fxg3 24. fxg3 a5 25. Kg2 Bg7 26. Rf1 h5 27. Ngh2 Bh6 28. Qe2 Qb6 29. Bc1 Bxc1 30. Rbxc1 Nf6 31. Ng5 Ng4 32. Rxf8+ Rxf8 33. Nhf3 Ne3+ 34. Kg1 Bg4 35. Qf2 Qd8 36. Qe2 Qd7 37. Kf2 Bxf3 38. Nxf3 Qh3 39. Ke1 Qxg3+ 40. Qf2 Rxf3 41. Qxg3 Rxg3 42. Kf2 Rh3 43. Rg1 Kg7 44. Rg5 Ng4+ 45. Kg2 Rxh4 0-1

[Event "GER-chT Lands U21"]
[Site "Xanten"]
[Date "2011.11.01"]
[Round "4.7"]
[White "Michels, Kim"]
[Black "Klinge, Alexandra"]
[Result "1-0"]
[WhiteElo "1372"]
[BlackElo "1337"]
[PlyCount "53"]
[EventDate "2011.10.31"]
[EventType "team-swiss"]
[EventRounds "7"]
[EventCountry "GER"]
[SourceTitle "EXT 2022"]
[Source "ChessBase"]
[SourceDate "2021.10.06"]
[SourceVersion "1"]
[SourceVersionDate "2021.10.06"]
[SourceQuality "1"]
[WhiteTeam "Thueringen U21"]
[BlackTeam "Mecklenburg-Vorpommern U21"]
[WhiteTeamCountry "GER"]
[BlackTeamCountry "GER"]

1. e4 e5 2. Nf3 Nc6 3. Bc4 Bc5 4. c3 Qe7 5. 0-0 Nf6 6. d4 Bb6 7. Re1 d6 8. h3 Bd7 9. Na3 a6 10. Nc2 h6 11. Ne3 Nxe4 12. Nd5 Nxc3 13. bxc3 Qd8 14. dxe5 0-0 15. Nxb6 cxb6 16. exd6 Qf6 17. Nd4 Qg6 18. Nxc6 Bxc6 19. Bd5 Rad8 20. Bxc6 bxc6 21. Bf4 Qf5 22. Bg3 Qc5 23. Qf3 Rd7 24. Rad1 Qa3 25. Re7 Rxe7 26. dxe7 Qxe7 27. Bd6 1-0

[Event "GER-chT Lands U21"]
[Site "Xanten"]
[Date "2011.10.31"]
[Round "1.7"]
[White "Graf, Clara Victoria"]
[Black "Klinge, Alexandra"]
[Result "1-0"]
[WhiteElo "1768"]
[BlackElo "1337"]
[PlyCount "103"]
[EventDate "2011.10.31"]
[EventType "team-swiss"]
[EventRounds "7"]
[EventCountry "GER"]
[SourceTitle "EXT 2022"]
[Source "ChessBase"]
[SourceDate "2021.10.06"]
[SourceVersion "1"]
[SourceVersionDate "2021.10.06"]
[SourceQuality "1"]
[WhiteTeam "Hessen U21"]
[BlackTeam "Mecklenburg-Vorpommern U21"]
[WhiteTeamCountry "GER"]
[BlackTeamCountry "GER"]

1. e4 e5 2. Nf3 Nc6 3. d4 exd4 4. Nxd4 Nf6 5. Nxc6 bxc6 6. e5 Qe7 7. Qe2 Nd5 8. c4 Nb6 9. b3 a5 10. Bb2 a4 11. Nd2 axb3 12. axb3 Rxa1+ 13. Bxa1 Qa3 14. Qd1 Bb4 15. Bd3 Qa5 16. Bb2 0-0 17. Qc2 Bxd2+ 18. Qxd2 Qxd2+ 19. Kxd2 d6 20. Ra1 Nd7 21. f4 Nc5 22. Kc2 Nxd3 23. Kxd3 Rd8 24. Ke3 Be6 25. Ra7 Rb8 26. Ke4 d5+ 27. Kd4 h6 28. Bc3 Rxb3 29. Rxc7 dxc4 30. Rxc6 Rb1 31. Ke4 Rc1 32. Bb4 Rc2 33. f5 Bd7 34. Rc7 Ba4 35. Kf3 Bb3 36. e6 c3 37. e7 Ba4 38. Rc8+ Kh7 39. e8Q Bxe8 40. Rxe8 Rc1 41. Rc8 Rf1+ 42. Kg4 h5+ 43. Kxh5 Rxf5+ 44. Kg4 Kg6 45. Rxc3 Rg5+ 46. Kf3 Rf5+ 47. Kg3 Rg5+ 48. Kf2 Rf5+ 49. Rf3 Rb5 50. Bc3 Rb3 51. Rg3+ Kh5 52. Bxg7 1-0

[Event "GER-ch U14 Girls"]
[Site "Oberhof"]
[Date "2011.06.16"]
[Round "7"]
[White "Klinge, Alexandra"]
[Black "Lemke, Berfin"]
[Result "0-1"]
[WhiteElo "1127"]
[BlackElo "1592"]
[PlyCount "38"]
[EventDate "2011.06.11"]
[EventType "swiss"]
[EventRounds "9"]
[EventCountry "GER"]
[SourceTitle "CBM 142 Extra"]
[Source "ChessBase"]
[SourceDate "2011.06.27"]
[SourceVersion "1"]
[SourceVersionDate "2011.06.27"]
[SourceQuality "1"]

1. e4 c5 2. Nf3 d6 3. Nc3 Nf6 4. Be2 a6 5. 0-0 e5 6. d3 Be7 7. Bg5 Be6 8. a3 Qc7 9. Bh4 0-0 10. Ng5 Nc6 11. f4 exf4 12. Rxf4 Ne5 13. Rf1 d5 14. Qd2 dxe4 15. dxe4 Bg4 16. Qf4 Bd6 17. Qf2 c4 18. Nd5 Nxd5 19. exd5 Bc5 0-1

[Event "GER-ch U14 Girls"]
[Site "Oberhof"]
[Date "2011.06.14"]
[Round "4"]
[White "Siegl, Melina"]
[Black "Klinge, Alexandra"]
[Result "1-0"]
[WhiteElo "1665"]
[BlackElo "1127"]
[PlyCount "57"]
[EventDate "2011.06.11"]
[EventType "swiss"]
[EventRounds "9"]
[EventCountry "GER"]
[SourceTitle "CBM 142 Extra"]
[Source "ChessBase"]
[SourceDate "2011.06.27"]
[SourceVersion "1"]
[SourceVersionDate "2011.06.27"]
[SourceQuality "1"]

1. e4 e5 2. Nf3 Nc6 3. Bc4 Bc5 4. 0-0 d6 5. c3 Nf6 6. d3 0-0 7. Nbd2 a6 8. Bb3 Ba7 9. h3 Ne7 10. Re1 Ng6 11. Nf1 Qe7 12. Ng3 h6 13. d4 b5 14. Bc2 Bb7 15. Nf5 Qd7 16. N3h4 Nxh4 17. Nxh4 Rae8 18. d5 c6 19. dxc6 Bxc6 20. Nf5 d5 21. exd5 Bxd5 22. Be3 Bb8 23. Bc5 e4 24. Bxf8 Kxf8 25. Ne3 Re5 26. Qd4 Ba7 27. Qxe5 Bb7 28. Rad1 Qc8 29. Nf5 1-0

[Event "Mecklenburg VP-ch U14"]
[Site "Malchow"]
[Date "2011.02.14"]
[Round "4.3"]
[White "Goldbach, Aaron"]
[Black "Klinge, Alexandra"]
[Result "0-1"]
[WhiteElo "1385"]
[BlackElo "1043"]
[PlyCount "58"]
[EventDate "2011.02.14"]
[EventType "swiss"]
[EventRounds "7"]
[EventCountry "GER"]
[SourceTitle "EXT 2022"]
[Source "ChessBase"]
[SourceDate "2021.10.06"]
[SourceVersion "1"]
[SourceVersionDate "2021.10.06"]
[SourceQuality "1"]

1. d4 d5 2. Bf4 Bf5 3. e3 e6 4. c4 Bd6 5. Bxd6 Qxd6 6. c5 Qe7 7. Nc3 c6 8. Nf3 Nf6 9. Be2 0-0 10. 0-0 Qc7 11. b4 b6 12. Qa4 a6 13. Ne5 bxc5 14. bxc5 Qc8 15. Bd3 Bxd3 16. Nxd3 Qc7 17. Ne5 Rc8 18. Rab1 Nbd7 19. Nxc6 Qxc6 20. Qc2 e5 21. Na4 exd4 22. exd4 Rab8 23. Nc3 Qc7 24. Qf5 Nf8 25. Nxd5 Nxd5 26. Qxd5 Rxb1 27. Rxb1 Rb8 28. Rb3 Qa5 29. h3 Qxa2 0-1